| 000 | 00840nam a2200265 i 4500 | ||
|---|---|---|---|
| 001 | 177285 | ||
| 003 | ES-MaACL | ||
| 005 | 20230906220309.0 | ||
| 007 | t| | ||
| 008 | 110314s1969 fr abdf ||||1| fre d | ||
| 080 | _a551.46 | ||
| 100 | 1 |
_aGuilcher, André. _960696 |
|
| 245 | 1 | 2 |
_aL'océanie / _cpar André Guilcher. |
| 250 | _a[1re éd.]. | ||
| 260 |
_aParis : _bPresses Universitaires de France, _c1969. |
||
| 300 |
_a295, [8] p. de lám. bl. y n. : _bil. bl. y n. ; _c19 cm. |
||
| 490 | 1 |
_aMagellan. La Géographie et ses problèmes ; _v32 |
|
| 500 | _aÍndices. | ||
| 504 | _aBibliografía: p. 285-290. | ||
| 546 | _aTexto en francés. | ||
| 650 | 0 | 4 |
_aOceanografía. _915678 |
| 830 | 0 |
_aMagellan. La Géographie et ses problèmes ; _v32 _9182333 |
|
| 852 |
_aES-MaACL _jE-14684 _xOlim P-507 |
||
| 999 |
_c177285 _d177285 |
||